[Event "Mittelfrank Regionalliga Sud-Ost 2122"]
[Site "Mittelfranken"]
[Date "2022.05.29"]
[Round "9.3"]
[White "Gerstner, Bernhard"]
[Black "Hittinger, Christian"]
[Result "0-1"]
[WhiteElo "2132"]
[BlackElo "1989"]
[PlyCount "112"]
[EventDate "2021.10.24"]
[EventType "team-tourn"]
[EventRounds "9"]
[EventCountry "GER"]
[SourceTitle "EXT 2024"]
[Source "ChessBase"]
[SourceDate "2023.10.10"]
[SourceVersion "1"]
[SourceVersionDate "2023.10.10"]
[SourceQuality "1"]
[WhiteTeam "Neuburg"]
[BlackTeam "Ortenburg"]
[WhiteTeamCountry "GER"]
[BlackTeamCountry "GER"]

1. Nf3 d5 2. d4 e6 3. c4 c5 4. cxd5 exd5 5. g3 Nc6 6. Bg2 Nf6 7. 0-0 Be7 8. dxc5 Bxc5 9. a3 Ne4 10. Nfd2 Qe7 11. Nxe4 dxe4 12. Nc3 Bf5 13. Nd5 Qd7 14. Be3 Bd6 15. Qd2 0-0 16. Rfd1 Rad8 17. Bf4 Ne5 18. Qd4 Qe6 19. Qxa7 Bb8 20. Qxb7 Rd7 21. Qb5 Nd3 22. Ne3 Nxf4 23. gxf4 Rxd1+ 24. Rxd1 Bh3 25. Qg5 Bxg2 26. Kxg2 h6 27. Qh4 Qb3 28. Rd8 Rxd8 29. Qxd8+ Kh7 30. Qd4 Qb7 31. Nd5 f5 32. e3 Qf7 33. Qb6 Qxd5 34. Qxb8 Qd1 35. Qb4 Qf3+ 36. Kg1 Qd1+ 37. Kg2 Qf3+ 38. Kf1 Qd1+ 39. Qe1 Qf3 40. Qc3 Qd1+ 41. Qe1 Qf3 42. h3 Qxh3+ 43. Ke2 Qf3+ 44. Kd2 h5 45. Qg1 h4 46. Qg5 Qxf2+ 47. Kd1 Qf1+ 48. Kc2 Qd3+ 49. Kc1 Qxe3+ 50. Kb1 Qd3+ 51. Kc1 Qe3+ 52. Kb1 Qd3+ 53. Kc1 Qc4+ 54. Kb1 Qd3+ 55. Kc1 Qf1+ 56. Kc2 Qe2+ 0-1

[Event "Bayern-chI Bank Hofmann 20th"]
[Site "Bad Wiessee"]
[Date "2016.11.04"]
[Round "7"]
[White "Cordts, Ingo"]
[Black "Gerstner, Bernhard"]
[Result "1-0"]
[WhiteElo "2289"]
[BlackElo "2130"]
[PlyCount "129"]
[EventDate "2016.10.29"]
[EventType "swiss"]
[EventRounds "9"]
[EventCountry "GER"]
[SourceTitle "EXT 2018"]
[Source "ChessBase"]
[SourceDate "2017.10.13"]
[SourceVersion "1"]
[SourceVersionDate "2017.10.13"]
[SourceQuality "1"]

1. Nf3 Nf6 2. c4 b6 3. g3 Bb7 4. Bg2 g6 5. d4 Bg7 6. 0-0 0-0 7. Nc3 Ne4 8. Nxe4 Bxe4 9. d5 c5 10. Bh3 Bxf3 11. exf3 b5 12. cxb5 a6 13. bxa6 d6 14. Re1 Ra7 15. Bf1 Nxa6 16. Bc4 Qb6 17. Rb1 Bf6 18. Bd2 Rb8 19. Bc3 Bg7 20. Re3 Qd8 21. Bxg7 Kxg7 22. Qe2 Rba8 23. Bxa6 Rxa6 24. Rxe7 Kf8 25. Re1 Rxa2 26. Qe3 Ra1 27. Qc3 Rxe1+ 28. Rxe1 Kg8 29. f4 Qd7 30. Qf6 Rf8 31. h4 Qd8 32. Re7 c4 33. f5 Qa5 34. fxg6 hxg6 35. h5 Qxd5 36. hxg6 Qd1+ 37. Kg2 Qd5+ 38. f3 Qd2+ 39. Kg1 Qc1+ 40. Kf2 Qc2+ 41. Re2 Qxg6 42. Qxg6+ fxg6 43. Re6 Kf7 44. Rxd6 Rb8 45. Rd2 Rb3 46. f4 c3 47. bxc3 Rxc3 48. Rd5 Ke6 49. Ra5 Kf6 50. Ra6+ Kf5 51. Ra5+ Kf6 52. Kg2 Rb3 53. Ra6+ Kf5 54. Kh3 Rb1 55. Ra5+ Kf6 56. Kh4 Rb6 57. g4 Rc6 58. g5+ Ke6 59. Ra7 Kf5 60. Rf7+ Ke4 61. Kg4 Rc1 62. Re7+ Kd3 63. Re6 Rg1+ 64. Kf3 Rf1+ 65. Kg3 1-0

[Event "Bayern-chI Bank Hofmann 19th"]
[Site "Bad Wiessee"]
[Date "2015.11.05"]
[Round "6"]
[White "Welling, Gerard J"]
[Black "Gerstner, Bernhard"]
[Result "1-0"]
[WhiteElo "2334"]
[BlackElo "2119"]
[PlyCount "121"]
[EventDate "2015.10.31"]
[EventType "swiss"]
[EventRounds "9"]
[EventCountry "GER"]
[SourceTitle "EXT 2017"]
[Source "ChessBase"]
[SourceDate "2016.10.25"]
[SourceVersion "1"]
[SourceVersionDate "2016.10.25"]
[SourceQuality "1"]

1. d4 Nf6 2. Nf3 e6 3. e3 b6 4. Bd3 Bb7 5. 0-0 Be7 6. c4 d5 7. Nc3 dxc4 8. Bxc4 a6 9. Qe2 b5 10. Bd3 c5 11. dxc5 b4 12. Na4 Nbd7 13. Rd1 Qa5 14. b3 Nxc5 15. Nxc5 Qxc5 16. e4 Qh5 17. Bb2 0-0 18. Rac1 Qa5 19. Bb1 Rac8 20. Ne5 Rfd8 21. Rxc8 Rxc8 22. Nc4 Qh5 23. Qxh5 Nxh5 24. Kf1 Bc6 25. g3 Nf6 26. f3 Bb5 27. Bd3 Bc5 28. Ke2 Kf8 29. Rc1 Be7 30. Na5 Ra8 31. Nc6 g6 32. Nxe7 Kxe7 33. Bxb5 axb5 34. Rc2 Nd7 35. Bc1 Ne5 36. Bd2 Kd7 37. Bxb4 Nc6 38. Bc5 Rc8 39. Ke3 Ra8 40. g4 Rc8 41. Rd2+ Kc7 42. Kf4 f6 43. g5 f5 44. exf5 exf5 45. h4 Re8 46. Bd6+ Kb6 47. Ba3 Kc7 48. h5 Nd8 49. hxg6 hxg6 50. Kg3 Re6 51. Bb2 Nf7 52. Bf6 Nd6 53. Rh2 Ne8 54. Rh7+ Kc6 55. Rf7 Kd5 56. Kf4 Ra6 57. Rd7+ Kc6 58. Rd2 Kc7 59. Be5+ Kc8 60. Ke3 Ra7 61. f4 1-0

[Event "Regionalliga SW 1415"]
[Site "Bayern"]
[Date "2014.11.09"]
[Round "2.5"]
[White "Gerstner, Bernhard"]
[Black "Loos, Stephan"]
[Result "0-1"]
[WhiteElo "2098"]
[BlackElo "2025"]
[PlyCount "62"]
[EventDate "2014.10.19"]
[EventType "team-tourn"]
[EventRounds "9"]
[EventCountry "GER"]
[SourceTitle "EXT 2018"]
[Source "ChessBase"]
[SourceDate "2017.10.13"]
[SourceVersion "1"]
[SourceVersionDate "2017.10.13"]
[SourceQuality "1"]
[WhiteTeam "MSA Zugzwang II"]
[BlackTeam "Bayern Muenchen III"]
[WhiteTeamCountry "GER"]
[BlackTeamCountry "GER"]

1. Nf3 g6 2. c4 f5 3. g3 Nf6 4. Bg2 Bg7 5. 0-0 0-0 6. d4 d6 7. Nc3 Qe8 8. Re1 Qf7 9. e4 Nxe4 10. Nxe4 fxe4 11. Rxe4 Nc6 12. d5 Ne5 13. Rf4 Nxf3+ 14. Bxf3 Qe8 15. Qe2 Be5 16. Rxf8+ Qxf8 17. Bg5 Bxb2 18. Bxe7 Qf7 19. Re1 Be5 20. Bg5 Bd7 21. c5 Rf8 22. c6 bxc6 23. dxc6 Be6 24. Bf4 Bc4 25. Qc2 Bxf4 26. gxf4 Bxa2 27. Ra1 Bd5 28. Bxd5 Qxd5 29. Rxa7 Rxf4 30. Qe2 Re4 31. Qa2 Re1# 0-1

[Event "Bad Woerishofen op 30th"]
[Site "Bad Woerishofen"]
[Date "2014.03.22"]
[Round "2"]
[White "Gerstner, Bernhard"]
[Black "Nikolov, Momchil"]
[Result "0-1"]
[WhiteElo "2156"]
[BlackElo "2515"]
[PlyCount "76"]
[EventDate "2014.03.21"]
[EventType "swiss"]
[EventRounds "9"]
[EventCountry "GER"]
[SourceTitle "CBM 159 Extra"]
[Source "ChessBase"]
[SourceDate "2014.04.24"]
[SourceVersion "1"]
[SourceVersionDate "2014.04.24"]
[SourceQuality "1"]

1. Nf3 Nf6 2. c4 c5 3. Nc3 d5 4. d4 e6 5. cxd5 Nxd5 6. e4 Nxc3 7. bxc3 cxd4 8. cxd4 Bb4+ 9. Bd2 Bxd2+ 10. Qxd2 0-0 11. Bc4 b6 12. 0-0 Bb7 13. Rfe1 Nd7 14. a4 Rc8 15. Bd3 a6 16. Qe2 Nb8 17. Qb2 Rc6 18. e5 Nd7 19. Qe2 Rc3 20. Bxa6 Bxf3 21. gxf3 Nb8 22. Qd2 Rxf3 23. Bb7 Rf5 24. Be4 Rh5 25. Qe3 Qh4 26. h3 f6 27. exf6 Rxf6 28. Rac1 Nd7 29. Rc8+ Nf8 30. Bg2 Rg5 31. Kh2 Rxf2 32. Rg1 Rf6 33. Rf1 Rxf1 34. Bxf1 Qh6 35. Qe4 Qf6 36. Bg2 Rf5 37. Rb8 Rf4 38. Qa8 Rxd4 0-1

[Event "BL2-Ost 1314"]
[Site "Germany"]
[Date "2014.01.21"]
[Round "10.8"]
[White "Seifert, Volker"]
[Black "Gerstner, Bernhard"]
[Result "1-0"]
[WhiteElo "2314"]
[BlackElo "2153"]
[PlyCount "43"]
[EventDate "2013.10.12"]
[EventType "team-tourn"]
[EventRounds "10"]
[EventCountry "GER"]
[SourceTitle "EXT 2015"]
[Source "ChessBase"]
[SourceDate "2014.11.20"]
[SourceVersion "1"]
[SourceVersionDate "2014.11.20"]
[SourceQuality "1"]
[WhiteTeam "Dresden USV"]
[BlackTeam "Zugzwang MSA"]
[WhiteTeamCountry "GER"]
[BlackTeamCountry "GER"]

1. d4 Nf6 2. c4 e6 3. Nc3 Bb4 4. Qc2 d5 5. a3 Bxc3+ 6. Qxc3 Ne4 7. Qc2 c5 8. dxc5 Nc6 9. Nf3 Qa5+ 10. Bd2 Nxd2 11. Qxd2 dxc4 12. Qxa5 Nxa5 13. Rc1 b5 14. cxb6 axb6 15. e3 Ba6 16. Be2 Ke7 17. Nd4 Rhc8 18. 0-0 g6 19. f4 b5 20. Bf3 Rab8 21. Rfd1 b4 22. axb4 1-0

[Event "BL2-Ost 1314"]
[Site "Germany"]
[Date "2013.10.13"]
[Round "2.7"]
[White "Casper, Thomas"]
[Black "Gerstner, Bernhard"]
[Result "1/2-1/2"]
[WhiteElo "2394"]
[BlackElo "2153"]
[PlyCount "41"]
[EventDate "2013.10.12"]
[EventType "team-tourn"]
[EventRounds "10"]
[EventCountry "GER"]
[SourceTitle "EXT 2015"]
[Source "ChessBase"]
[SourceDate "2014.11.20"]
[SourceVersion "1"]
[SourceVersionDate "2014.11.20"]
[SourceQuality "1"]
[WhiteTeam "Erfurt"]
[BlackTeam "Zugzwang MSA"]
[WhiteTeamCountry "GER"]
[BlackTeamCountry "GER"]

1. e4 e5 2. Bc4 Nf6 3. d3 Nc6 4. h3 Bc5 5. Nc3 Na5 6. Bb3 0-0 7. Qf3 Nxb3 8. axb3 c6 9. Nge2 d5 10. 0-0 dxe4 11. dxe4 Qc7 12. Rd1 Be6 13. Ng3 Nd7 14. Be3 Bxe3 15. Qxe3 Qb6 16. Nf5 Qxe3 17. Nxe3 Rfd8 18. b4 a6 19. Rd2 Kf8 20. Rad1 Ke7 21. f3 1/2-1/2

[Event "BL2-Ost 1213"]
[Site "Germany"]
[Date "2013.01.13"]
[Round "5.7"]
[White "Gerstner, Bernhard"]
[Black "Rosko, Lubos"]
[Result "1/2-1/2"]
[WhiteElo "2149"]
[BlackElo "2311"]
[PlyCount "58"]
[EventDate "2012.10.14"]
[EventType "team-tourn"]
[EventRounds "9"]
[EventCountry "GER"]
[SourceTitle "CBM 154 Extra"]
[Source "ChessBase"]
[SourceDate "2013.06.25"]
[SourceVersion "2"]
[SourceVersionDate "2013.06.25"]
[SourceQuality "1"]
[WhiteTeam "Zugzwang MSA"]
[BlackTeam "Aue Nickelhuette"]
[WhiteTeamCountry "GER"]
[BlackTeamCountry "GER"]

1. Nf3 Nf6 2. c4 g6 3. g3 Bg7 4. Bg2 d5 5. cxd5 Nxd5 6. d4 Nb6 7. Nc3 Nc6 8. e3 0-0 9. 0-0 Re8 10. Re1 e5 11. d5 Na5 12. e4 c6 13. b4 Nac4 14. Qb3 cxd5 15. Nxd5 Be6 16. Nd2 Rc8 17. Nxc4 Bxd5 18. exd5 Nxc4 19. Be3 Nxe3 20. Qxe3 b6 21. Rac1 Rxc1 22. Rxc1 e4 23. Qb3 Bh6 24. Re1 Qf6 25. Qa4 Re7 26. Rd1 e3 27. fxe3 Bxe3+ 28. Kh1 Bd2 29. Rf1 Qd4 1/2-1/2

[Event "Oberliga Bayern 1112"]
[Site "Bayern"]
[Date "2012.03.18"]
[Round "8.7"]
[White "Schmid, Roland1111"]
[Black "Gerstner, Bernhard"]
[Result "0-1"]
[WhiteElo "2235"]
[BlackElo "2075"]
[PlyCount "70"]
[EventDate "2011.10.02"]
[EventType "team-tourn"]
[EventRounds "9"]
[EventCountry "GER"]
[SourceTitle "EXT 2015"]
[Source "ChessBase"]
[SourceDate "2014.11.20"]
[SourceVersion "1"]
[SourceVersionDate "2014.11.20"]
[SourceQuality "1"]
[WhiteTeam "Neutraubling"]
[BlackTeam "MSA Zugzwang"]
[WhiteTeamCountry "GER"]
[BlackTeamCountry "GER"]

1. d4 Nf6 2. Nf3 e6 3. c4 b6 4. Nc3 Bb4 5. Bg5 h6 6. Bh4 Bb7 7. e3 Bxc3+ 8. bxc3 d6 9. Nd2 Nbd7 10. f3 Qe7 11. e4 e5 12. Bd3 Nf8 13. Bf2 Ng6 14. g3 0-0 15. 0-0 Nh7 16. Qb3 Qg5 17. Rfd1 Bc8 18. Kh1 Kh8 19. c5 dxc5 20. dxc5 Be6 21. Qb5 Rfd8 22. Nf1 Qf6 23. Be2 Ng5 24. Nd2 Bg4 25. Be3 Rxd2 26. fxg4 a6 27. Qc4 b5 28. Qd5 Rxd5 29. exd5 Ne4 30. Rf1 Qd8 31. c4 Nc3 32. Bf3 e4 33. Bg2 bxc4 34. Rxf7 Qxd5 35. Rxc7 Rb8 0-1

[Event "Landesliga Sued 1011"]
[Site "Bayern"]
[Date "2011.03.20"]
[Round "8.5"]
[White "Schamberger, Alfons"]
[Black "Gerstner, Bernhard"]
[Result "1/2-1/2"]
[WhiteElo "2072"]
[BlackElo "2134"]
[PlyCount "115"]
[EventDate "2010.10.10"]
[EventType "team-tourn"]
[EventRounds "9"]
[EventCountry "GER"]
[SourceTitle "EXT 2012"]
[Source "ChessBase"]
[SourceDate "2011.11.24"]
[SourceVersion "1"]
[SourceVersionDate "2011.11.24"]
[SourceQuality "1"]
[WhiteTeam "Sendling"]
[BlackTeam "Muenchen Zugzwang"]
[WhiteTeamCountry "GER"]
[BlackTeamCountry "GER"]

1. e4 e5 2. Bc4 Nf6 3. d4 exd4 4. Nf3 Nc6 5. 0-0 Nxe4 6. Re1 d5 7. Bxd5 Qxd5 8. Nc3 Qa5 9. Nxe4 Be6 10. Neg5 0-0-0 11. Nxe6 fxe6 12. Rxe6 Bd6 13. Bg5 Rdf8 14. Bh4 Qh5 15. Bg3 Bxg3 16. hxg3 Rd8 17. Qe2 Qd5 18. a3 d3 19. cxd3 Qxd3 20. Re1 Qxe2 21. R1xe2 Rd1+ 22. Kh2 Rhd8 23. g4 R1d3 24. Ne5 Nxe5 25. R6xe5 c6 26. f3 Rd2 27. Kg3 Kc7 28. Re7+ R8d7 29. Rxd2 Rxe7 30. g5 c5 31. f4 g6 32. Kf3 Kc6 33. g4 Rf7 34. Re2 Kd5 35. Re5+ Kd4 36. Re6 b5 37. Rf6 Rg7 38. Rd6+ Kc4 39. Rd2 Kb3 40. Ke4 c4 41. Ke5 a5 42. Kf6 Rc7 43. f5 b4 44. axb4 axb4 45. Ke6 c3 46. bxc3 bxc3 47. Rd3 Kb2 48. f6 c2 49. Rd2 Kc3 50. Rxc2+ Kxc2 51. f7 Rc8 52. Ke7 Kd3 53. f8Q Rxf8 54. Kxf8 Ke4 55. Kg7 Kf4 56. Kxh7 Kxg5 57. Kg7 Kxg4 58. Kxg6 1/2-1/2

[Event "Staufer op 23rd"]
[Site "Leinzell"]
[Date "2011.01.06"]
[Round "9"]
[White "Schmidt, Martin5555"]
[Black "Gerstner, Bernhard"]
[Result "0-1"]
[WhiteElo "1895"]
[BlackElo "2180"]
[PlyCount "66"]
[EventDate "2011.01.02"]
[EventType "swiss"]
[EventRounds "9"]
[EventCountry "GER"]
[SourceTitle "CBM 140 Extra"]
[Source "ChessBase"]
[SourceDate "2011.03.01"]
[SourceVersion "1"]
[SourceVersionDate "2011.03.01"]
[SourceQuality "1"]

1. e4 e5 2. Nf3 Nc6 3. Bb5 a6 4. Bxc6 dxc6 5. 0-0 f6 6. d4 exd4 7. Qxd4 Qxd4 8. Nxd4 c5 9. Nb3 Be6 10. Rd1 Bd6 11. Be3 b6 12. Nc3 Ne7 13. f4 0-0 14. a4 Nc6 15. Nd5 c4 16. Nc1 Bxd5 17. exd5 Nb4 18. Rd2 Rfe8 19. Kf2 Re4 20. c3 Rae8 21. cxb4 Rxe3 22. Re2 Rxe2+ 23. Nxe2 Bxb4 24. Rc1 b5 25. Kf3 Bd2 26. Ra1 Re3+ 27. Kf2 Rb3 28. axb5 axb5 29. Ra8+ Kf7 30. f5 Be3+ 31. Kf3 Bd4+ 32. Ke4 Be5 33. Nd4 Rxb2 0-1

[Event "Bayern-chI Bank Hofmann 14th"]
[Site "Bad Wiessee"]
[Date "2010.11.05"]
[Round "8"]
[White "Gerstner, Bernhard"]
[Black "Meister, Peter"]
[Result "1/2-1/2"]
[WhiteElo "2188"]
[BlackElo "2446"]
[PlyCount "65"]
[EventDate "2010.10.30"]
[EventType "swiss"]
[EventRounds "9"]
[EventCountry "GER"]
[SourceTitle "EXT 2011"]
[Source "ChessBase"]
[SourceDate "2010.11.26"]
[SourceVersion "1"]
[SourceVersionDate "2010.11.26"]
[SourceQuality "1"]

1. d4 f5 2. g3 Nf6 3. Bg2 e6 4. Nf3 d5 5. 0-0 Bd6 6. c4 c6 7. Qc2 0-0 8. Nc3 Ne4 9. Rb1 Bd7 10. b4 b5 11. c5 Bc7 12. a4 bxa4 13. Ra1 Bc8 14. Rxa4 Ba6 15. Nxe4 fxe4 16. Ng5 Rf6 17. f3 h6 18. Nh3 exf3 19. Rxf3 Bb5 20. Raa3 Nd7 21. e4 a5 22. bxa5 Rxa5 23. Rxa5 Bxa5 24. e5 Rxf3 25. Bxf3 Nf8 26. Nf4 Qe8 27. Bh5 Qe7 28. Ng6 Qf7 29. Nf4 Qd7 30. Bg4 Qf7 31. Bh5 Qd7 32. Bg4 Qf7 33. Bh5 1/2-1/2

[Event "Landesliga Sued 0910"]
[Site "Bayern"]
[Date "2010.02.07"]
[Round "6.3"]
[White "Kaiser, Wolfgang"]
[Black "Gerstner, Bernhard"]
[Result "1/2-1/2"]
[WhiteElo "2243"]
[BlackElo "2144"]
[PlyCount "88"]
[EventDate "2009.10.18"]
[EventType "team-tourn"]
[EventRounds "9"]
[EventCountry "GER"]
[SourceTitle "EXT 2011"]
[Source "ChessBase"]
[SourceDate "2010.11.26"]
[SourceVersion "1"]
[SourceVersionDate "2010.11.26"]
[SourceQuality "1"]
[WhiteTeam "Passau II"]
[BlackTeam "Ingolstadt"]
[WhiteTeamCountry "GER"]
[BlackTeamCountry "GER"]

1. Nf3 d5 2. g3 Bg4 3. Bg2 Nd7 4. c4 e6 5. cxd5 exd5 6. 0-0 Ngf6 7. d4 c6 8. Nc3 Bd6 9. Bf4 Qe7 10. Qc2 0-0 11. a3 Rfe8 12. e3 Bh5 13. b4 a6 14. Qb2 h6 15. Rfe1 Bg6 16. Nd2 Nh5 17. Bxd6 Qxd6 18. a4 Nhf6 19. Qb3 Nf8 20. b5 axb5 21. axb5 Ne6 22. b6 Rad8 23. Red1 Ng5 24. Ra7 Re7 25. Na4 Nfe4 26. Nxe4 Bxe4 27. Nc5 Bxg2 28. Kxg2 Rb8 29. Rda1 Ne4 30. Qc2 g6 31. Nxe4 Rxe4 32. Ra8 Rxa8 33. Rxa8+ Kg7 34. Ra7 Re7 35. Qc3 Qe6 36. Qd3 Qd6 37. Qb1 h5 38. h4 Qe6 39. Qc2 Qd6 40. Qc5 Qe6 41. Kg1 Qe4 42. Ra8 Qb1+ 43. Kg2 Qe4+ 44. Kh2 Qf5 1/2-1/2